[Event "XtraCon-Skakligaen"]
[Site "Denmark"]
[Date "2009.03.21"]
[Round "8.8"]
[White "Sonderstrup, Bjarne"]
[Black "Dragicevic, Drazen"]
[Result "0-1"]
[WhiteElo "2059"]
[BlackElo "2181"]
[PlyCount "76"]
[EventDate "2008.11.01"]
[EventType "team-tourn"]
[EventRounds "9"]
[EventCountry "DEN"]
[WhiteTeam "Aalborg"]
[BlackTeam "Helsinge"]
[WhiteTeamCountry "DEN"]
[BlackTeamCountry "DEN"]

1. c4 Nf6 2. g3 c5 3. Bg2 d5 4. cxd5 Nxd5 5. Nc3 Nc7 6. Nf3 Nc6 7. O-O e5 8. d3
Be7 9. a3 O-O 10. Rb1 a5 11. Be3 Rb8 12. Ne1 Nd4 13. f4 exf4 14. Bxf4 Bg4 15.
Nc2 b5 16. Ne3 Be6 17. Bxc7 Qxc7 18. Ned5 Qd7 19. e3 Nf5 20. Be4 Nd6 21. Nxe7+
Qxe7 22. Qf3 Nxe4 23. dxe4 f6 24. Nd5 Qb7 25. Rbd1 Rfe8 26. Qf4 Bf7 27. Qg4 Bg6
28. Rf4 Re5 29. h4 Kh8 30. Qf3 Rbe8 31. g4 Bxe4 32. Rxe4 Rxe4 33. g5 fxg5 34.
hxg5 Rxe3 35. Qh5 R3e5 36. Nf4 Kg8 37. Qg4 Qe7 38. Rf1 Rxg5 0-1

[Event "XtraCon-Skakligaen"]
[Site "Denmark"]
[Date "2009.03.21"]
[Round "8.1"]
[White "Antonsen, Mikkel"]
[Black "Skytte, Rasmus"]
[Result "1/2-1/2"]
[WhiteElo "2442"]
[BlackElo "2384"]
[PlyCount "98"]
[EventDate "2008.11.01"]
[EventType "team-tourn"]
[EventRounds "9"]
[EventCountry "DEN"]
[WhiteTeam "Nastved"]
[BlackTeam "Aarhus/Skolerne"]
[WhiteTeamCountry "DEN"]
[BlackTeamCountry "DEN"]

1. d4 Nf6 2. c4 c6 3. Nf3 d5 4. e3 Bg4 5. Nc3 e6 6. Qb3 Qc7 7. Nh4 Nbd7 8. h3
Bh5 9. g4 Bg6 10. g5 Ng8 11. Nxg6 hxg6 12. e4 dxe4 13. Nxe4 Qb6 14. Be3 Qxb3
15. axb3 Bb4+ 16. Bd2 Rh4 17. Bg2 Bxd2+ 18. Kxd2 Ne7 19. Nd6+ Kf8 20. Nxb7
Rxd4+ 21. Kc3 e5 22. b4 Nb6 23. b3 Rf4 24. Ra2 Rc8 25. Re1 f6 26. Nc5 Kf7 27.
Nd3 Rd4 28. Rxa7 Rcd8 29. Re3 Ke8 30. Nc5 Rd1 31. gxf6 gxf6 32. Ra6 Rc1+ 33.
Kb2 Rdd1 34. b5 Rb1+ 35. Kc3 Rdc1+ 36. Kd2 Rd1+ 37. Kc2 Nf5 38. Bxc6+ Ke7 39.
Ra7+ Kd6 40. Ne4+ Ke6 41. Nc5+ Kd6 42. Rd3+ Nd4+ 43. Rxd4+ exd4 44. Nd3 Rxd3
45. Kxd3 Kc5 46. Kc2 Rf1 47. Kd3 Rb1 48. Kc2 Rf1 49. Kd3 Rb1 1/2-1/2

[Event "XtraCon-Skakligaen"]
[Site "Denmark"]
[Date "2009.03.21"]
[Round "8.2"]
[White "Jelling, Erik"]
[Black "Olsen, Nils Linde"]
[Result "1-0"]
[WhiteElo "2382"]
[BlackElo "2256"]
[PlyCount "73"]
[EventDate "2008.11.01"]
[EventType "team-tourn"]
[EventRounds "9"]
[EventCountry "DEN"]
[WhiteTeam "Aarhus/Skolerne"]
[BlackTeam "Nastved"]
[WhiteTeamCountry "DEN"]
[BlackTeamCountry "DEN"]

1. d4 d5 2. Nf3 Nf6 3. c4 c6 4. Nc3 a6 5. e3 b5 6. b3 Bg4 7. Be2 e6 8. O-O Bd6
9. a4 b4 10. Na2 a5 11. Bb2 O-O 12. Nc1 Nbd7 13. Nd3 Ne4 14. Rc1 Rc8 15. Nfe5
Bxe2 16. Qxe2 Bxe5 17. dxe5 Ndc5 18. Nxc5 Nxc5 19. Qc2 Nd7 20. Rfd1 Nb6 21.
cxd5 cxd5 22. Qd3 d4 23. Bxd4 Nd5 24. Qd2 Rxc1 25. Rxc1 Qa8 26. Rc5 Rd8 27. h3
h6 28. Qc2 g6 29. Qc4 Kg7 30. Kh2 Ne7 31. Rc7 Rc8 32. Rxc8 Nxc8 33. Qc7 g5 34.
f3 Kg6 35. Qd8 Qb7 36. Qg8+ Kh5 37. e4 1-0

[Event "XtraCon-Skakligaen"]
[Site "Denmark"]
[Date "2009.03.21"]
[Round "8.3"]
[White "Jorgensen, Brian Jorgen"]
[Black "Rasmussen, Casper Dahl"]
[Result "1-0"]
[WhiteElo "2255"]
[BlackElo "2368"]
[PlyCount "132"]
[EventDate "2008.11.01"]
[EventType "team-tourn"]
[EventRounds "9"]
[EventCountry "DEN"]
[WhiteTeam "Nastved"]
[BlackTeam "Aarhus/Skolerne"]
[WhiteTeamCountry "DEN"]
[BlackTeamCountry "DEN"]

1. d4 d5 2. Bf4 Nf6 3. e3 e6 4. Nd2 Bd6 5. Bg3 O-O 6. Bd3 b6 7. c3 Ba6 8. Bxa6
Nxa6 9. Qe2 Qc8 10. e4 dxe4 11. Nxe4 Be7 12. Nf3 Qb7 13. Nxf6+ Bxf6 14. O-O c5
15. Be5 Be7 16. Rfe1 Rfe8 17. Rad1 Rad8 18. h4 h6 19. h5 Nb8 20. Bxb8 Qxb8 21.
Ne5 Qc7 22. Qf3 Bf6 23. Ng4 Bg5 24. dxc5 Qxc5 25. Ne5 Qc7 26. Qc6 Rc8 27. Qa4
Red8 28. Nf3 Bf6 29. Rxd8+ Rxd8 30. Rd1 Rxd1+ 31. Qxd1 Qc5 32. Qd7 Qxh5 33.
Qxa7 Qb5 34. Qa8+ Kh7 35. Qe4+ g6 36. Qc2 Kg7 37. a4 Qc4 38. Nh2 h5 39. Nf1 h4
40. Ne3 Qf4 41. Qb3 h3 42. gxh3 Bh4 43. Qc2 Qf3 44. b4 Qxh3 45. Qe4 Bf6 46. a5
bxa5 47. bxa5 Qh5 48. a6 Qg5+ 49. Qg2 Qc5 50. Qb7 Bg5 51. Ng2 Qxc3 52. a7 Qc1+
53. Kh2 Bf4+ 54. Nxf4 Qxf4+ 55. Kh3 Qf5+ 56. Kg3 Qe5+ 57. Kf3 Qc3+ 58. Kg2 Qd4
59. a8=Q Qg4+ 60. Kh2 Qh5+ 61. Kg3 Qg5+ 62. Kf3 Qf5+ 63. Ke3 Qc5+ 64. Kd3 Qd6+
65. Kc4 Qf4+ 66. Kb3 Qd4 1-0

[Event "XtraCon-Skakligaen"]
[Site "Denmark"]
[Date "2009.03.21"]
[Round "8.4"]
[White "Christensen, Tobias"]
[Black "Flindt, Thomas"]
[Result "1/2-1/2"]
[WhiteElo "2347"]
[BlackElo "2179"]
[PlyCount "90"]
[EventDate "2008.11.01"]
[EventType "team-tourn"]
[EventRounds "9"]
[EventCountry "DEN"]
[WhiteTeam "Aarhus/Skolerne"]
[BlackTeam "Nastved"]
[WhiteTeamCountry "DEN"]
[BlackTeamCountry "DEN"]

1. e4 c5 2. Nc3 Nc6 3. d3 g6 4. Be3 d6 5. g3 Bg7 6. Bg2 Rb8 7. Qd2 b5 8. h3 e6
9. Nf3 Nd4 10. O-O Ne7 11. Nd1 O-O 12. Nh4 f5 13. c3 Ndc6 14. Bh6 Bxh6 15. Qxh6
Ne5 16. Qe3 c4 17. exf5 Nxf5 18. Nxf5 Rxf5 19. d4 Nd3 20. Be4 Rh5 21. g4 Rh4
22. Bxd3 cxd3 23. Kg2 g5 24. f3 Qf6 25. Nf2 h6 26. Rae1 d2 27. Qxd2 Bb7 28. Ne4
Qe7 29. Ng3 Qf7 30. Re3 Rf8 31. Qe2 Bd5 32. b3 Qf4 33. c4 bxc4 34. bxc4 Bxc4
35. Qxc4 Qxe3 36. Nf5 Rxf5 37. gxf5 Rxd4 38. Qxe6+ Qxe6 39. fxe6 Kf8 40. Rb1
Ke7 41. Rb7+ Kxe6 42. Rxa7 h5 43. a4 Rd2+ 44. Kf1 Rh2 45. Rg7 Kf6 1/2-1/2

[Event "XtraCon-Skakligaen"]
[Site "Denmark"]
[Date "2009.03.21"]
[Round "8.6"]
[White "Pedersen, Finn"]
[Black "Hansen, Martin"]
[Result "1-0"]
[WhiteElo "2312"]
[BlackElo "2125"]
[PlyCount "71"]
[EventDate "2008.11.01"]
[EventType "team-tourn"]
[EventRounds "9"]
[EventCountry "DEN"]
[WhiteTeam "Aarhus/Skolerne"]
[BlackTeam "Nastved"]
[WhiteTeamCountry "DEN"]
[BlackTeamCountry "DEN"]

1. g3 d5 2. Bg2 Nf6 3. Nf3 c6 4. O-O g6 5. b3 Bg7 6. Bb2 O-O 7. c4 Nbd7 8. d3
Re8 9. Nbd2 b6 10. Ne5 Nxe5 11. Bxe5 Bb7 12. b4 Nd7 13. Bxg7 Kxg7 14. Qb3 Nf6
15. e3 e5 16. cxd5 cxd5 17. Rfc1 Rc8 18. Qb2 Qe7 19. a4 Qe6 20. Nf3 Nd7 21. h4
f6 22. Kh2 Rxc1 23. Rxc1 Qd6 24. d4 e4 25. Ng1 g5 26. Qe2 h5 27. Nh3 Kg6 28. b5
Nf8 29. f3 exf3 30. Qxf3 Qa3 31. Rf1 Nh7 32. hxg5 Bc8 33. Nf4+ Kg7 34. gxf6+
Nxf6 35. Nxh5+ Nxh5 36. Qf7+ 1-0

[Event "XtraCon-Skakligaen"]
[Site "Denmark"]
[Date "2009.03.21"]
[Round "8.7"]
[White "Vovk, Oksana"]
[Black "Ochsner, Bjorn Moller"]
[Result "1-0"]
[WhiteElo "2142"]
[BlackElo "1974"]
[PlyCount "109"]
[EventDate "2008.11.01"]
[EventType "team-tourn"]
[EventRounds "9"]
[EventCountry "DEN"]
[WhiteTeam "Nastved"]
[BlackTeam "Aarhus/Skolerne"]
[WhiteTeamCountry "DEN"]
[BlackTeamCountry "DEN"]

1. d4 Nf6 2. c4 g6 3. g3 Bg7 4. Bg2 O-O 5. Nc3 d6 6. e4 e5 7. Nge2 Nbd7 8. O-O
exd4 9. Nxd4 Re8 10. Re1 a6 11. h3 Rb8 12. a4 Ne5 13. b3 c5 14. Nc2 Nc6 15. Rb1
Be6 16. Kh2 Qd7 17. Re3 Rbd8 18. f4 h5 19. Rd3 Qc7 20. Be3 Na5 21. Ne1 Kh7 22.
Nf3 Kg8 23. Ng5 Bc8 24. Rb2 Qb6 25. Rb1 Bf8 26. b4 Nxc4 27. bxc5 Nxe3 28. cxb6
Nxd1 29. Rbxd1 Be7 30. Rd4 Be6 31. a5 Rc8 32. Nxe6 fxe6 33. e5 Nd7 34. Ne4 d5
35. g4 hxg4 36. hxg4 Rf8 37. Nd6 Bxd6 38. exd6 Rc2 39. Kg3 Rfc8 40. f5 R8c3+
41. R1d3 Nc5 42. Rxc3 Rxc3+ 43. Kf4 gxf5 44. gxf5 Kf7 45. fxe6+ Nxe6+ 46. Ke5
Nxd4 47. Bxd5+ Ne6 48. Bxe6+ Ke8 49. Bd5 Kd7 50. Be6+ Kd8 51. Bd5 Rc5 52. Ke6
Rxa5 53. Bxb7 Ra2 54. Bc6 Rb2 55. b7 1-0

[Event "XtraCon-Skakligaen"]
[Site "Denmark"]
[Date "2009.03.21"]
[Round "8.8"]
[White "Hagen, Kresten Skytte"]
[Black "Pedersen, Dimon Paul"]
[Result "1-0"]
[WhiteElo "2076"]
[BlackElo "2095"]
[PlyCount "103"]
[EventDate "2008.11.01"]
[EventType "team-tourn"]
[EventRounds "9"]
[EventCountry "DEN"]
[WhiteTeam "Aarhus/Skolerne"]
[BlackTeam "Nastved"]
[WhiteTeamCountry "DEN"]
[BlackTeamCountry "DEN"]

1. Nf3 c5 2. c4 Nc6 3. d4 cxd4 4. Nxd4 Qb6 5. Nc2 e6 6. Nc3 Bc5 7. e3 Nf6 8.
Be2 O-O 9. O-O Be7 10. e4 d6 11. Rb1 Rd8 12. Be3 Qa5 13. a3 d5 14. b4 Qc7 15.
exd5 exd5 16. Nb5 Qe5 17. f4 Qf5 18. c5 Qg6 19. Nbd4 Bf5 20. Nxf5 Qxf5 21. Nd4
Nxd4 22. Bxd4 Ne4 23. Qd3 Qe6 24. Bf3 f5 25. Rfc1 Bf6 26. g3 a6 27. Rd1 Rac8
28. Rbc1 Kf7 29. Bh5+ g6 30. Bf3 h5 31. Kg2 Bg7 32. Ra1 Bxd4 33. Qxd4 Qf6 34.
Qxf6+ Kxf6 35. Rd4 Ke6 36. Re1 Rc6 37. Bxe4 fxe4 38. Rexe4+ dxe4 39. Rxd8 b6
40. cxb6 Rxb6 41. Rd4 Kf5 42. Rd5+ Kf6 43. Re5 Rc6 44. Rxe4 Rc3 45. a4 h4 46.
a5 Rb3 47. Kh3 hxg3 48. hxg3 Kf5 49. Rc4 Kf6 50. Kh4 Kf7 51. g4 Rb1 52. Kg5 1-0

[Event "XtraCon-Skakligaen"]
[Site "Denmark"]
[Date "2009.03.21"]
[Round "8.1"]
[White "Hansen, Sune Berg"]
[Black "Rasmussen, Allan Stig"]
[Result "1/2-1/2"]
[WhiteElo "2544"]
[BlackElo "2501"]
[PlyCount "50"]
[EventDate "2008.11.01"]
[EventType "team-tourn"]
[EventRounds "9"]
[EventCountry "DEN"]
[WhiteTeam "Helsingor"]
[BlackTeam "Jetsmark"]
[WhiteTeamCountry "DEN"]
[BlackTeamCountry "DEN"]

1. d4 d5 2. c4 c6 3. Nf3 Nf6 4. e3 e6 5. Bd3 Nbd7 6. b3 c5 7. O-O b6 8. Bb2 Bb7
9. cxd5 exd5 10. Ne5 Be7 11. Nd2 O-O 12. Qf3 cxd4 13. Nxd7 Nxd7 14. Bxd4 Bf6
15. Qf4 Nc5 16. Bf5 Ba6 17. Rfc1 Re8 18. Rc3 Bg5 19. Qg4 g6 20. Nf3 Be7 21. Qf4
Bd6 22. Qh6 Bf8 23. Qf4 Bd6 24. Qh6 Bf8 25. Qf4 Bd6 1/2-1/2

[Event "XtraCon-Skakligaen"]
[Site "Denmark"]
[Date "2009.03.21"]
[Round "8.2"]
[White "Pedersen, Christian Kyndel"]
[Black "Mortensen, Erling"]
[Result "1-0"]
[WhiteElo "2426"]
[BlackElo "2455"]
[PlyCount "63"]
[EventDate "2008.11.01"]
[EventType "team-tourn"]
[EventRounds "9"]
[EventCountry "DEN"]
[WhiteTeam "Jetsmark"]
[BlackTeam "Helsingor"]
[WhiteTeamCountry "DEN"]
[BlackTeamCountry "DEN"]

1. e4 c5 2. Nf3 e6 3. d4 cxd4 4. Nxd4 a6 5. Bd3 Ne7 6. O-O Nbc6 7. Nxc6 Nxc6 8.
f4 Bc5+ 9. Kh1 d5 10. exd5 Qxd5 11. Nc3 Qd8 12. Qf3 g6 13. Be3 Bxe3 14. Qxe3
Qd4 15. Qf3 O-O 16. Be4 Qb6 17. Na4 Qc7 18. Bxc6 bxc6 19. Qc3 Rb8 20. Nc5 f6
21. Rae1 Qe7 22. a4 Rd8 23. a5 Rd5 24. b4 e5 25. fxe5 fxe5 26. Nd3 Bf5 27. Nxe5
Qg5 28. Nxc6 Rd2 29. Ne7+ Kf7 30. Qc4+ Kg7 31. Nxf5+ gxf5 32. Qc7+ 1-0

[Event "XtraCon-Skakligaen"]
[Site "Denmark"]
[Date "2009.03.21"]
[Round "8.4"]
[White "Baekgaard, Martin"]
[Black "Jorgensen, Michael"]
[Result "1-0"]
[WhiteElo "2294"]
[BlackElo "2186"]
[PlyCount "103"]
[EventDate "2008.11.01"]
[EventType "team-tourn"]
[EventRounds "9"]
[EventCountry "DEN"]
[WhiteTeam "Jetsmark"]
[BlackTeam "Helsingor"]
[WhiteTeamCountry "DEN"]
[BlackTeamCountry "DEN"]

1. d4 f5 2. g3 Nf6 3. Bg2 g6 4. c4 Bg7 5. Nc3 d6 6. Nf3 O-O 7. O-O c6 8. b4 Kh8
9. Bb2 Be6 10. d5 Bg8 11. Qb3 e5 12. dxe6 Bxe6 13. Nd4 Bg8 14. b5 Ng4 15. Na4
Ne5 16. Rac1 cxb5 17. Qxb5 Nbd7 18. Qxb7 Rc8 19. Nc6 Qc7 20. Ne7 Qxb7 21. Bxb7
Rb8 22. Bd5 Rb4 23. Bxe5 Bxe5 24. Nc3 Bxd5 25. cxd5 Kg7 26. Nc6 Rb2 27. a4 a6
28. Nxe5 Nxe5 29. Rb1 Rfb8 30. Rxb2 Rxb2 31. Rb1 Rxb1+ 32. Nxb1 Nc4 33. Nc3 Kf6
34. f4 Ke7 35. Kf2 Kd7 36. e4 fxe4 37. Nxe4 Kc7 38. g4 Kb6 39. f5 gxf5 40. gxf5
Ka5 41. f6 Ne5 42. Kg3 Kxa4 43. Nxd6 Kb4 44. f7 Nd7 45. Ne4 Nf8 46. Ng5 h6 47.
Ne6 Nd7 48. d6 Kb5 49. f8=Q Nxf8 50. Nxf8 Kc6 51. d7 Kc7 52. Kf4 1-0

[Event "XtraCon-Skakligaen"]
[Site "Denmark"]
[Date "2009.03.21"]
[Round "8.5"]
[White "Larsen, Ole"]
[Black "Helledie, Anders"]
[Result "1/2-1/2"]
[WhiteElo "2266"]
[BlackElo "2215"]
[PlyCount "49"]
[EventDate "2008.11.01"]
[EventType "team-tourn"]
[EventRounds "9"]
[EventCountry "DEN"]
[WhiteTeam "Helsingor"]
[BlackTeam "Jetsmark"]
[WhiteTeamCountry "DEN"]
[BlackTeamCountry "DEN"]

1. d4 Nf6 2. Nf3 g6 3. Nbd2 d5 4. g3 Bg7 5. Bg2 O-O 6. O-O Nbd7 7. c4 dxc4 8.
Nxc4 c5 9. b3 Ne4 10. Bb2 Ndf6 11. Rc1 b6 12. dxc5 Qxd1 13. Rfxd1 Nxc5 14. Nd4
Bb7 15. Nc6 Bxc6 16. Bxc6 Rac8 17. Bf3 Rfd8 18. Ba3 Rxd1+ 19. Rxd1 Bf8 20. e3
Ne8 21. Bxc5 Rxc5 22. Rd7 Rc7 23. Rd8 Nf6 24. Ne5 e6 25. Kg2 1/2-1/2

[Event "XtraCon-Skakligaen"]
[Site "Denmark"]
[Date "2009.03.21"]
[Round "8.6"]
[White "Wiwe, Andreas"]
[Black "Fagerstrom, Bjorn"]
[Result "1-0"]
[WhiteElo "2185"]
[BlackElo "2132"]
[PlyCount "61"]
[EventDate "2008.11.01"]
[EventType "team-tourn"]
[EventRounds "9"]
[EventCountry "DEN"]
[WhiteTeam "Jetsmark"]
[BlackTeam "Helsingor"]
[WhiteTeamCountry "DEN"]
[BlackTeamCountry "DEN"]

1. e4 e5 2. Nf3 Nc6 3. Bb5 a6 4. Ba4 Nf6 5. O-O Be7 6. Re1 b5 7. Bb3 O-O 8. c3
d5 9. exd5 Nxd5 10. Nxe5 Nxe5 11. Rxe5 c6 12. d4 Bd6 13. Re1 Qh4 14. g3 Qh3 15.
Re4 g5 16. Qf3 Bf5 17. Nd2 Rae8 18. Bc2 Bg6 19. Nf1 Bxe4 20. Bxe4 f6 21. Bxd5+
cxd5 22. Qxd5+ Qe6 23. Qxe6+ Rxe6 24. Be3 h6 25. a4 f5 26. axb5 axb5 27. d5 Re5
28. Bd4 Re2 29. Ra7 Rf7 30. Ra6 Be5 31. Re6 1-0

[Event "XtraCon-Skakligaen"]
[Site "Denmark"]
[Date "2009.03.21"]
[Round "8.7"]
[White "Dalsberg, Sandra de Blecourt"]
[Black "Jensen, Bjarke"]
[Result "0-1"]
[WhiteElo "2078"]
[BlackElo "2225"]
[PlyCount "80"]
[EventDate "2008.11.01"]
[EventType "team-tourn"]
[EventRounds "9"]
[EventCountry "DEN"]
[WhiteTeam "Helsingor"]
[BlackTeam "Jetsmark"]
[WhiteTeamCountry "DEN"]
[BlackTeamCountry "DEN"]

1. d4 d6 2. c4 g6 3. Nc3 Bg7 4. e4 Nd7 5. Be3 e5 6. d5 Ne7 7. Bd3 O-O 8. Nge2
f5 9. f3 Nf6 10. Qd2 c6 11. O-O-O cxd5 12. cxd5 fxe4 13. Bxe4 Qa5 14. Kb1 b5
15. Nc1 b4 16. N3e2 Bb7 17. Nb3 Qa4 18. Bg5 a5 19. h4 Qd7 20. h5 Nxh5 21. g4
Nf6 22. Bxf6 Rxf6 23. g5 Rf7 24. Ng3 Bh8 25. Nc1 Raf8 26. Qd3 Nf5 27. Bxf5 Rxf5
28. Ne4 Rxf3 29. Qe2 R3f4 30. Ka1 Qe7 31. Nb3 a4 32. Na5 Bc8 33. Nc6 Qg7 34.
Nxd6 Bg4 35. Qd2 Bxd1 36. Rxd1 a3 37. Kb1 Rf2 38. Qe3 Rxb2+ 39. Kc1 Rxa2 40.
Nxb4 e4 0-1

[Event "XtraCon-Skakligaen"]
[Site "Denmark"]
[Date "2009.03.21"]
[Round "8.8"]
[White "Rathlev, Jakob"]
[Black "Molin, Claus"]
[Result "1-0"]
[WhiteElo "2172"]
[BlackElo "2003"]
[PlyCount "71"]
[EventDate "2008.11.01"]
[EventType "team-tourn"]
[EventRounds "9"]
[EventCountry "DEN"]
[WhiteTeam "Jetsmark"]
[BlackTeam "Helsingor"]
[WhiteTeamCountry "DEN"]
[BlackTeamCountry "DEN"]

1. c4 g6 2. g3 Bg7 3. Bg2 c5 4. Nc3 Nc6 5. e4 d6 6. Nge2 e5 7. O-O Nge7 8. a3
O-O 9. Rb1 Be6 10. Nd5 Nd4 11. Nxd4 cxd4 12. d3 Qd7 13. b4 Rac8 14. a4 Kh8 15.
a5 f5 16. Nxe7 Qxe7 17. exf5 gxf5 18. f4 e4 19. dxe4 Rxc4 20. Re1 Qd7 21. Bf1
Rc7 22. Bd3 fxe4 23. Bxe4 d5 24. Bd3 Rc3 25. Bb2 Rxd3 26. Qxd3 Bf5 27. Qd2 Bxb1
28. Rxb1 Re8 29. Bxd4 Re4 30. Bxa7 Qe6 31. Bf2 d4 32. Rc1 Bf6 33. Qd3 Qd5 34.
b5 Re6 35. Rc8+ Kg7 36. Rc7+ 1-0

[Event "XtraCon-Skakligaen"]
[Site "Denmark"]
[Date "2009.03.22"]
[Round "9.2"]
[White "Cmilyte, Viktorija"]
[Black "Rasmussen, Casper Dahl"]
[Result "1-0"]
[WhiteElo "2512"]
[BlackElo "2368"]
[PlyCount "43"]
[EventDate "2008.11.01"]
[EventType "team-tourn"]
[EventRounds "9"]
[EventCountry "DEN"]
[WhiteTeam "Helsinge"]
[BlackTeam "Aarhus/Skolerne"]
[WhiteTeamCountry "DEN"]
[BlackTeamCountry "DEN"]

1. d4 d5 2. c4 c6 3. Nf3 Nf6 4. Nc3 a6 5. e3 b5 6. c5 Nbd7 7. Bd2 a5 8. a3 Qc7
9. Rc1 e5 10. dxe5 Nxe5 11. Nxe5 Qxe5 12. Nxb5 cxb5 13. Bxb5+ Ke7 14. Bc3 Qg5
15. O-O h5 16. f4 Qf5 17. Bxf6+ Kxf6 18. Qd4+ Ke7 19. e4 Qf6 20. Qxd5 Rb8 21.
Rfd1 Bg4 22. f5 1-0

[Event "XtraCon-Skakligaen"]
[Site "Denmark"]
[Date "2009.03.22"]
[Round "9.3"]
[White "Christensen, Tobias"]
[Black "Glud, Jakob Vang"]
[Result "0-1"]
[WhiteElo "2347"]
[BlackElo "2444"]
[PlyCount "74"]
[EventDate "2008.11.01"]
[EventType "team-tourn"]
[EventRounds "9"]
[EventCountry "DEN"]
[WhiteTeam "Aarhus/Skolerne"]
[BlackTeam "Helsinge"]
[WhiteTeamCountry "DEN"]
[BlackTeamCountry "DEN"]

1. d4 d5 2. Nf3 Nf6 3. c4 c6 4. Nbd2 Bf5 5. g3 h6 6. Bg2 e6 7. O-O Nbd7 8. cxd5
exd5 9. Nh4 Bh7 10. e4 dxe4 11. Re1 Bb4 12. Qb3 Bxd2 13. Bxd2 O-O 14. Qxb7 g5
15. Qxc6 Qb6 16. Qxb6 Nxb6 17. f3 e3 18. Bxe3 Nbd5 19. Bd2 Kg7 20. Kf2 gxh4 21.
gxh4 Rab8 22. b3 Rfc8 23. Rac1 Rxc1 24. Rxc1 Nb4 25. Rg1 Bg6 26. Bxb4 Rxb4 27.
Rd1 a5 28. Bf1 a4 29. bxa4 Rxa4 30. Rd2 Bb1 31. Bb5 Rxa2 32. Rxa2 Bxa2 33. Bd3
Be6 34. Ke3 Nd5+ 35. Ke4 Kf6 36. Bf1 Ne7 37. Kd3 Nf5 0-1

[Event "XtraCon-Skakligaen"]
[Site "Denmark"]
[Date "2009.03.22"]
[Round "9.4"]
[White "Hutters, Tomas"]
[Black "Jacobsen, Bo"]
[Result "1/2-1/2"]
[WhiteElo "2413"]
[BlackElo "2315"]
[PlyCount "54"]
[EventDate "2008.11.01"]
[EventType "team-tourn"]
[EventRounds "9"]
[EventCountry "DEN"]
[WhiteTeam "Helsinge"]
[BlackTeam "Aarhus/Skolerne"]
[WhiteTeamCountry "DEN"]
[BlackTeamCountry "DEN"]

1. Nf3 g6 2. d4 Bg7 3. c4 d6 4. e4 Nf6 5. Nc3 Bg4 6. Be2 Nfd7 7. Be3 Nc6 8. Ng1
Bxe2 9. Ngxe2 a6 10. Rc1 Na5 11. Qd3 c5 12. b3 O-O 13. O-O Re8 14. Rfd1 b6 15.
Rb1 Rc8 16. a4 cxd4 17. Bxd4 Ne5 18. Qd2 Nac6 19. Be3 Rb8 20. h3 Rb7 21. f4 Nd7
22. Bf2 Qb8 23. Nd4 Nxd4 24. Bxd4 Bxd4+ 25. Qxd4 Qc8 26. Kh1 Qc5 27. Kg1 Qc8
1/2-1/2

[Event "XtraCon-Skakligaen"]
[Site "Denmark"]
[Date "2009.03.22"]
[Round "9.5"]
[White "Pedersen, Finn"]
[Black "Bekker Jensen, Simon"]
[Result "1/2-1/2"]
[WhiteElo "2312"]
[BlackElo "2410"]
[PlyCount "21"]
[EventDate "2008.11.01"]
[EventType "team-tourn"]
[EventRounds "9"]
[EventCountry "DEN"]
[WhiteTeam "Aarhus/Skolerne"]
[BlackTeam "Helsinge"]
[WhiteTeamCountry "DEN"]
[BlackTeamCountry "DEN"]

1. d4 Nf6 2. e3 g6 3. c4 Bg7 4. Nc3 O-O 5. g3 d6 6. Bg2 c6 7. Nge2 a5 8. O-O
Na6 9. h3 e5 10. b3 Nb8 11. Nb1 1/2-1/2

[Event "XtraCon-Skakligaen"]
[Site "Denmark"]
[Date "2009.03.22"]
[Round "9.6"]
[White "Fries Nielsen, Niels Jorgen"]
[Black "Hagen, Andreas Skytte"]
[Result "0-1"]
[WhiteElo "2393"]
[BlackElo "2282"]
[PlyCount "75"]
[EventDate "2008.11.01"]
[EventType "team-tourn"]
[EventRounds "9"]
[EventCountry "DEN"]
[WhiteTeam "Helsinge"]
[BlackTeam "Aarhus/Skolerne"]
[WhiteTeamCountry "DEN"]
[BlackTeamCountry "DEN"]

1. b3 e5 2. Bb2 Nc6 3. e3 Nf6 4. Bb5 Bd6 5. Na3 Na5 6. Be2 a6 7. c4 O-O 8. Nc2
Nc6 9. d3 Re8 10. Nf3 Bf8 11. d4 e4 12. Nd2 d6 13. h3 Ne7 14. g4 d5 15. cxd5
Nexd5 16. Nc4 Nd7 17. Qd2 Qh4 18. O-O-O Qxf2 19. h4 Qf6 20. g5 Qc6 21. Kb1 b5
22. Ne5 Nxe5 23. dxe5 Be6 24. Nd4 Qb6 25. h5 Bb4 26. Qc2 Nxe3 27. Qxe4 Nxd1 28.
Bxd1 c5 29. Nxe6 Qxe6 30. Bc2 g6 31. hxg6 fxg6 32. Rf1 Rad8 33. Rf6 Qd5 34.
Rxg6+ hxg6 35. Qxg6+ Kf8 36. a3 Qf7 37. Qh6+ Qg7 38. Qxa6 0-1

[Event "XtraCon-Skakligaen"]
[Site "Denmark"]
[Date "2009.03.22"]
[Round "9.7"]
[White "Ochsner, Bjorn Moller"]
[Black "Bekker Jensen, David"]
[Result "1/2-1/2"]
[WhiteElo "1974"]
[BlackElo "2310"]
[PlyCount "81"]
[EventDate "2008.11.01"]
[EventType "team-tourn"]
[EventRounds "9"]
[EventCountry "DEN"]
[WhiteTeam "Aarhus/Skolerne"]
[BlackTeam "Helsinge"]
[WhiteTeamCountry "DEN"]
[BlackTeamCountry "DEN"]

1. e4 c5 2. Nf3 d6 3. d4 Nf6 4. Nc3 cxd4 5. Nxd4 a6 6. Bg5 e6 7. f4 Qb6 8. Qd2
Nc6 9. O-O-O Nxd4 10. Qxd4 Qxd4 11. Rxd4 Be7 12. Be2 Bd7 13. Rhd1 Bc6 14. Bf3
O-O-O 15. R4d3 Kc7 16. e5 dxe5 17. Bxc6 Rxd3 18. Rxd3 Kxc6 19. fxe5 Nd5 20.
Bxe7 Nxe7 21. Rf3 Rf8 22. Ne4 Ng6 23. Rg3 h6 24. Nd2 Rd8 25. c3 Rd5 26. Nf3 Kd7
27. Rg4 b5 28. Kc2 Rc5 29. Kb3 Rd5 30. a4 Kc6 31. axb5+ axb5 32. Re4 Kc5 33.
Kc2 Kb6 34. g3 Rc5 35. Kb3 Rd5 36. Kc2 Rd7 37. Rb4 Rd5 38. Re4 Rd7 39. Rb4 Ne7
40. Rf4 Nc6 41. Re4 1/2-1/2

[Event "XtraCon-Skakligaen"]
[Site "Denmark"]
[Date "2009.03.22"]
[Round "9.8"]
[White "Dragicevic, Drazen"]
[Black "Hagen, Kresten Skytte"]
[Result "1-0"]
[WhiteElo "2181"]
[BlackElo "2076"]
[PlyCount "109"]
[EventDate "2008.11.01"]
[EventType "team-tourn"]
[EventRounds "9"]
[EventCountry "DEN"]
[WhiteTeam "Helsinge"]
[BlackTeam "Aarhus/Skolerne"]
[WhiteTeamCountry "DEN"]
[BlackTeamCountry "DEN"]

1. c4 Nf6 2. Nf3 e6 3. g3 d5 4. Bg2 Be7 5. O-O O-O 6. d4 dxc4 7. Ne5 Nc6 8.
Nxc6 bxc6 9. Qc2 Ba6 10. Rd1 Nd5 11. a3 Qc8 12. e4 Nb6 13. Be3 Rb8 14. Nd2 Rd8
15. a4 Bb4 16. a5 Bxd2 17. Rxd2 Nd7 18. e5 Bb5 19. Be4 f5 20. exf6 Nxf6 21. Bg2
Re8 22. Bf4 Qd7 23. Re1 Nd5 24. Be5 Nb4 25. Qc3 Nd3 26. Re3 Rbd8 27. h4 Qf7 28.
b3 Nxe5 29. Rxe5 cxb3 30. Qxb3 Rd6 31. Bh3 Rd5 32. Re4 a6 33. Rd1 h6 34. Rde1
e5 35. dxe5 Kh8 36. Rf4 Qe7 37. e6 Rd3 38. Qb2 Qc5 39. e7 Rxg3+ 40. Kh2 Rxh3+
41. Kxh3 Rxe7 42. Rf8+ Kh7 43. Qb1+ g6 44. Qb2 Re3+ 45. Rxe3 Qxf8 46. Qe5 h5
47. Qxc7+ Kh6 48. Kg3 Qf5 49. Qf4+ Qxf4+ 50. Kxf4 c5 51. Re7 c4 52. Rc7 g5+ 53.
hxg5+ Kg6 54. Rc5 h4 55. Kg4 1-0